| 000 | 01048nam a2200277 i 4500 | ||
|---|---|---|---|
| 001 | 137750 | ||
| 003 | ES-MaACL | ||
| 005 | 20260122110828.0 | ||
| 007 | t| | ||
| 008 | 070214s1910 sp r ||||1| spa d | ||
| 080 | _a328(460)"1808/13" | ||
| 080 | _a342.4(460)"18" | ||
| 080 | _a94(460)"1808/14" | ||
| 100 | 1 |
_aSalillas, Rafael. _9101925 |
|
| 245 | 1 | 0 |
_aEn las Cortes de Cádiz : _b(revelaciones acerca del estado político y social) / _cpor Rafael Salillas. |
| 260 |
_aMadrid : _bLibrería de los Sucesores de Hernando, _c1910 ( _fImp. de Perlado, Páez y C.ª) |
||
| 300 |
_a336 p. ; _c19 x 12 cm. |
||
| 530 | _aDisponible en formato digital. | ||
| 610 | 1 | 4 |
_aEspaña. _bCortes de Cádiz _93663 |
| 651 | 4 |
_aEspaña- _xHistoria constitucional- _yS.XIX. _98367 |
|
| 651 | 4 |
_aEspaña- _xHistoria- _y1808-1814, Guerra de la Independencia _98244 |
|
| 852 | 4 |
_aES-MaACL _jF-6680 _cDEPO2 |
|
| 856 | 4 |
_uhttp://bdh-rd.bne.es/viewer.vm?id=0000074648&page=1 _y(Biblioteca Digital Hispánica) |
|
| 942 | _2udc | ||
| 999 |
_c137750 _d137750 |
||